[Event "Botvinnik Memorial-A"]
[Site "Elista"]
[Date "2002.08.24"]
[Round "7"]
[White "Razuvaev, Yuri S"]
[Black "Vasiukov, Evgeni"]
[Result "1/2-1/2"]
[WhiteElo "2540"]
[BlackElo "2537"]
[PlyCount "23"]
[EventDate "2002.08.17"]
[EventType "tourn"]
[EventRounds "9"]
[EventCountry "RUS"]
[EventCategory "8"]
[SourceTitle "CBM 089 Extra"]
[Source "ChessBase"]
[SourceDate "2002.09.10"]
[SourceVersion "2"]
[SourceVersionDate "2002.09.10"]
[SourceQuality "1"]

1. d4 d5 2. c4 c6 3. cxd5 cxd5 4. Nc3 Nf6 5. Bf4 Nc6 6. Nf3 a6 7. e3 Bf5 8. Bd3 Bxd3 9. Qxd3 e6 10. 0-0 Bd6 11. Bxd6 Qxd6 12. a3 1/2-1/2

[Event "Botvinnik Memorial-A"]
[Site "Elista"]
[Date "2002.08.17"]
[Round "1"]
[White "Klovans, Janis"]
[Black "Razuvaev, Yuri S"]
[Result "1/2-1/2"]
[WhiteElo "2425"]
[BlackElo "2540"]
[PlyCount "53"]
[EventDate "2002.08.17"]
[EventType "tourn"]
[EventRounds "9"]
[EventCountry "RUS"]
[EventCategory "8"]
[SourceTitle "CBM 089 Extra"]
[Source "ChessBase"]
[SourceDate "2002.09.10"]
[SourceVersion "2"]
[SourceVersionDate "2002.09.10"]
[SourceQuality "1"]

1. e4 e5 2. Nf3 Nc6 3. Bb5 a6 4. Ba4 Nf6 5. 0-0 Be7 6. Re1 b5 7. Bb3 0-0 8. c3 d6 9. h3 Na5 10. Bc2 c5 11. d4 Qc7 12. Nbd2 cxd4 13. cxd4 Nc6 14. Nb3 a5 15. Be3 a4 16. Nbd2 Bd7 17. Rc1 Qb7 18. Nf1 Rfe8 19. Ng3 Bd8 20. d5 Nb4 21. Bb1 Na6 22. Nh4 g6 23. Bh6 Kh8 24. Nf3 Ng8 25. Be3 Bb6 26. Ng5 Rf8 27. Bxb6 1/2-1/2

[Event "Porto San Giorgio op 13th"]
[Site "Porto San Giorgio"]
[Date "2001.08.24"]
[Round "4"]
[White "Razuvaev, Yuri S"]
[Black "Tomescu, Vlad"]
[Result "1/2-1/2"]
[WhiteElo "2549"]
[BlackElo "2417"]
[PlyCount "54"]
[EventDate "2001.08.21"]
[EventType "swiss"]
[EventRounds "9"]
[EventCountry "ITA"]
[SourceTitle "EXT 2002"]
[Source "ChessBase"]
[SourceDate "2001.11.25"]
[SourceVersion "1"]
[SourceVersionDate "2001.11.25"]
[SourceQuality "1"]

1. d4 Nf6 2. c4 g6 3. Nc3 d5 4. cxd5 Nxd5 5. e4 Nxc3 6. bxc3 Bg7 7. Bb5+ c6 8. Ba4 0-0 9. Ne2 e5 10. 0-0 Qe7 11. Qc2 Nd7 12. Be3 Re8 13. f3 b5 14. Bb3 Nb6 15. a4 Nc4 16. Bxc4 bxc4 17. Rab1 f5 18. dxe5 Bxe5 19. f4 Bg7 20. e5 Be6 21. Nd4 Bd5 22. Qa2 Qc7 23. a5 Rab8 24. h3 Bf8 25. a6 Rxb1 26. Rxb1 Rb8 27. Rxb8 Qxb8 1/2-1/2

[Event "Porto San Giorgio op 13th"]
[Site "Porto San Giorgio"]
[Date "2001.08.23"]
[Round "3"]
[White "Isonzo, Davide"]
[Black "Razuvaev, Yuri S"]
[Result "0-1"]
[WhiteElo "2315"]
[BlackElo "2549"]
[PlyCount "69"]
[EventDate "2001.08.21"]
[EventType "swiss"]
[EventRounds "9"]
[EventCountry "ITA"]
[SourceTitle "EXT 2002"]
[Source "ChessBase"]
[SourceDate "2001.11.25"]
[SourceVersion "1"]
[SourceVersionDate "2001.11.25"]
[SourceQuality "1"]

1. e4 c5 2. Nf3 e6 3. d4 cxd4 4. Nxd4 Nc6 5. Nc3 Qc7 6. Be3 a6 7. Bd3 b5 8. 0-0 Bb7 9. Nxc6 Bxc6 10. Qe2 Nf6 11. a3 Be7 12. f4 d6 13. Rae1 0-0 14. Qf3 g6 15. Kh1 d5 16. exd5 Nxd5 17. Nxd5 Bxd5 18. Qh3 Bf6 19. c3 Bc4 20. Bxc4 Qxc4 21. Rf3 h5 22. Rg3 Qd5 23. Bd4 Bxd4 24. Rg5 Qd6 25. cxd4 Qxf4 26. Qxh5 Rac8 27. h3 Rc1 28. Rxc1 Qxc1+ 29. Kh2 Qf4+ 30. g3 Qf2+ 31. Kh1 Rc8 32. Rxg6+ fxg6 33. Qxg6+ Kf8 34. Qh6+ Ke7 35. Qh4+ 0-1

[Event "Porto San Giorgio op 12th"]
[Site "Porto San Giorgio"]
[Date "2000.08.28"]
[Round "9"]
[White "Malakhov, Vladimir"]
[Black "Razuvaev, Yuri S"]
[Result "1/2-1/2"]
[WhiteElo "2605"]
[BlackElo "2555"]
[PlyCount "70"]
[EventDate "2000.08.20"]
[EventType "swiss"]
[EventRounds "9"]
[EventCountry "ITA"]
[SourceTitle "EXT 2001"]
[Source "ChessBase"]
[SourceDate "2000.11.22"]
[SourceVersion "1"]
[SourceVersionDate "2000.11.22"]
[SourceQuality "1"]

1. Nf3 Nf6 2. c4 e6 3. g3 d5 4. b3 Be7 5. Bg2 0-0 6. 0-0 b6 7. Bb2 Bb7 8. e3 Nbd7 9. Nc3 Ne4 10. cxd5 Nxc3 11. dxc3 Bxd5 12. c4 Bb7 13. Qc2 Qc8 14. Rad1 Rd8 15. h4 h6 16. Rd2 c5 17. Rfd1 Bc6 18. Ne5 Nxe5 19. Rxd8+ Bxd8 20. Bxe5 Bxg2 21. Kxg2 Qc6+ 22. f3 Be7 23. h5 a6 24. Rd3 Rd8 25. Rxd8+ Bxd8 26. Qc3 f6 27. Qd3 Be7 28. Bc3 b5 29. g4 Kf8 30. Be1 b4 31. Bg3 Ke8 32. e4 Qd7 33. Qxd7+ Kxd7 34. e5 f5 35. Kh3 Ke8 1/2-1/2

[Event "Porto San Giorgio op 12th"]
[Site "Porto San Giorgio"]
[Date "2000.08.25"]
[Round "6"]
[White "Razuvaev, Yuri S"]
[Black "Maier, Christian"]
[Result "1-0"]
[WhiteElo "2555"]
[BlackElo "2351"]
[PlyCount "66"]
[EventDate "2000.08.20"]
[EventType "swiss"]
[EventRounds "9"]
[EventCountry "ITA"]
[SourceTitle "EXT 2001"]
[Source "ChessBase"]
[SourceDate "2000.11.22"]
[SourceVersion "1"]
[SourceVersionDate "2000.11.22"]
[SourceQuality "1"]

1. d4 Nf6 2. c4 g6 3. Nc3 Bg7 4. e4 d6 5. f3 0-0 6. Nge2 b6 7. Bg5 c5 8. d5 h6 9. Be3 e6 10. Ng3 exd5 11. cxd5 Ba6 12. Bxa6 Nxa6 13. 0-0 Qd7 14. Rc1 Rfe8 15. b3 Nc7 16. h3 Nb5 17. Nce2 Na3 18. Bd2 h5 19. Bc3 h4 20. Nh1 Qb5 21. Re1 Nh5 22. Bxg7 Kxg7 23. Qd2 Qa5 24. Qb2+ Kg8 25. Nf2 b5 26. Ng4 b4 27. Nh6+ Kf8 28. Nf5 gxf5 29. Qh8+ Ke7 30. Qxh5 Rh8 31. Qxf5 Nb5 32. e5 Rag8 33. Nf4 Nc3 1-0

[Event "Porto San Giorgio op 12th"]
[Site "Porto San Giorgio"]
[Date "2000.08.23"]
[Round "4"]
[White "Razuvaev, Yuri S"]
[Black "Borgo, Giulio"]
[Result "1-0"]
[WhiteElo "2555"]
[BlackElo "2391"]
[PlyCount "76"]
[EventDate "2000.08.20"]
[EventType "swiss"]
[EventRounds "9"]
[EventCountry "ITA"]
[SourceTitle "EXT 2001"]
[Source "ChessBase"]
[SourceDate "2000.11.22"]
[SourceVersion "1"]
[SourceVersionDate "2000.11.22"]
[SourceQuality "1"]

1. c4 e6 2. Nf3 d5 3. d4 Nf6 4. g3 Bb4+ 5. Nbd2 0-0 6. Bg2 c6 7. 0-0 Nbd7 8. Qc2 a5 9. e4 a4 10. e5 Ne8 11. Rd1 b6 12. Nf1 Be7 13. h4 h6 14. Ne3 Ba6 15. Bd2 Nc7 16. Rac1 dxc4 17. Nxc4 Nd5 18. Qe4 Bb4 19. Qg4 Kh8 20. Bxb4 Nxb4 21. a3 Nd5 22. Nd6 Nb8 23. Nd2 Ra7 24. N2c4 Rd7 25. Ne3 Ne7 26. h5 Nc8 27. Nxc8 Bxc8 28. Nc4 b5 29. Nd6 Qb6 30. Qf4 Ba6 31. g4 f6 32. Be4 b4 33. Bb1 bxa3 34. bxa3 Qd8 35. Qe4 f5 36. gxf5 Qg5+ 37. Qg2 Qxg2+ 38. Kxg2 exf5 1-0

[Event "Porto San Giorgio op 12th"]
[Site "Porto San Giorgio"]
[Date "2000.08.21"]
[Round "2"]
[White "Razuvaev, Yuri S"]
[Black "Middelburg, Tom"]
[Result "1-0"]
[WhiteElo "2555"]
[BlackElo "2328"]
[PlyCount "55"]
[EventDate "2000.08.20"]
[EventType "swiss"]
[EventRounds "9"]
[EventCountry "ITA"]
[SourceTitle "EXT 2001"]
[Source "ChessBase"]
[SourceDate "2000.11.22"]
[SourceVersion "1"]
[SourceVersionDate "2000.11.22"]
[SourceQuality "1"]

1. d4 d5 2. c4 c6 3. Nf3 Nf6 4. Nc3 dxc4 5. a4 Bf5 6. e3 e6 7. Bxc4 Bb4 8. 0-0 0-0 9. Qe2 Bg6 10. Ne5 Nbd7 11. Nxg6 hxg6 12. Qc2 Qe7 13. Na2 Bd6 14. e4 Bc7 15. e5 Nd5 16. Nc3 Bb6 17. Rd1 Nb4 18. Qe2 c5 19. d5 exd5 20. Nxd5 Nxd5 21. Rxd5 Rfe8 22. Bg5 Qxg5 23. e6 Qf6 24. exf7+ Qxf7 25. Rxd7 Rxe2 26. Rxf7 Rc2 27. Rf4+ Kh7 28. Rh4# 1-0

[Event "Porto San Giorgio op 12th"]
[Site "Porto San Giorgio"]
[Date "2000.08.20"]
[Round "1"]
[White "Faraoni, Enrico"]
[Black "Razuvaev, Yuri S"]
[Result "0-1"]
[WhiteElo "2174"]
[BlackElo "2555"]
[PlyCount "74"]
[EventDate "2000.08.20"]
[EventType "swiss"]
[EventRounds "9"]
[EventCountry "ITA"]
[SourceTitle "EXT 2001"]
[Source "ChessBase"]
[SourceDate "2000.11.22"]
[SourceVersion "1"]
[SourceVersionDate "2000.11.22"]
[SourceQuality "1"]

1. f4 d5 2. Nf3 g6 3. g3 Bg7 4. Bg2 Nf6 5. 0-0 b5 6. d3 Bb7 7. Ne5 0-0 8. Nd2 Nbd7 9. Ndf3 c5 10. Ng5 Qb6 11. Bh3 c4+ 12. d4 Nxe5 13. fxe5 Ne4 14. Nxe4 dxe4 15. e3 Rad8 16. Qe1 a5 17. Bd2 Ra8 18. c3 Bd5 19. a3 f6 20. exf6 exf6 21. g4 Rf7 22. Qg3 Bf8 23. Rf2 Bd6 24. Qg2 Raf8 25. Raf1 Kg7 26. Be1 Rh8 27. Re2 h5 28. gxh5 Rxh5 29. Rf5 Rxh3 30. Qxh3 gxf5 31. Qxf5 Qc6 32. Rg2+ Kf8 33. Bh4 Be7 34. Qh5 Ke8 35. Rg8+ Kd7 36. Qh8 Qe6 37. Bg3 Rh7 0-1

[Event "Lido degli Estensi op 1st"]
[Site "Lido degli Estensi"]
[Date "2000.05.30"]
[Round "4.3"]
[White "Mrdja, Milan"]
[Black "Razuvaev, Yuri S"]
[Result "1/2-1/2"]
[WhiteElo "2425"]
[BlackElo "2548"]
[PlyCount "114"]
[EventDate "2000.05.27"]
[EventType "swiss"]
[EventRounds "9"]
[EventCountry "ITA"]
[SourceTitle "EXT 2023"]
[Source "ChessBase"]
[SourceDate "2022.10.05"]
[SourceVersion "1"]
[SourceVersionDate "2022.10.05"]
[SourceQuality "1"]

1. e4 c5 2. Nf3 e6 3. d4 cxd4 4. Nxd4 Nc6 5. Nc3 Qc7 6. Be2 a6 7. 0-0 Nf6 8. Kh1 Be7 9. f4 d6 10. Be3 0-0 11. Qe1 Nxd4 12. Bxd4 b5 13. a3 Bb7 14. Qg3 Bc6 15. Bf3 Rad8 16. Rae1 Qb7 17. b4 Rc8 18. Re2 Qd7 19. Rd1 Qc7 20. e5 dxe5 21. fxe5 Bxf3 22. Qxf3 Nd7 23. Rd3 f5 24. Qh5 Rfd8 25. Qf3 Nb6 26. Nd1 Nc4 27. h3 Qc6 28. Qf2 Rd7 29. Rb3 Rcd8 30. c3 Bg5 31. Nb2 a5 32. bxa5 Nxa5 33. Rb4 Be7 34. Bb6 Ra8 35. Rd4 Rb7 36. Bxa5 Rxa5 37. c4 Rxa3 38. cxb5 Rxb5 39. Nd3 Rd5 40. Rxd5 Qxd5 41. Nf4 Qc6 42. Rc2 Rc3 43. Rxc3 Qxc3 44. Nxe6 Qa1+ 45. Qg1 Qxe5 46. Nd4 Qe4 47. Nf3 h5 48. Qc1 h4 49. Ng5 Bxg5 50. Qxg5 Kf7 51. Qh5+ Kf6 52. Qd1 Ke5 53. Qd2 Qd4 54. Qe1+ Kf6 55. Qc1 g5 56. Qe1 Qe5 57. Qd1 Kg6 1/2-1/2

[Event "Cutro 06th"]
[Site "Cutro"]
[Date "2000.05.04"]
[Round "8"]
[White "Razuvaev, Yuri S"]
[Black "Abatino, Maurizio"]
[Result "1-0"]
[WhiteElo "2548"]
[BlackElo "2248"]
[PlyCount "81"]
[EventDate "2000.04.27"]
[EventType "tourn"]
[EventRounds "9"]
[EventCountry "ITA"]
[EventCategory "9"]
[SourceTitle "CBM 077"]
[Source "ChessBase"]
[SourceDate "2000.07.27"]
[SourceVersion "1"]
[SourceVersionDate "2000.07.27"]
[SourceQuality "1"]

1. d4 Nf6 2. Nf3 e6 3. g3 b6 4. Bg2 Bb7 5. c4 Be7 6. Nc3 d5 7. cxd5 exd5 8. 0-0 0-0 9. Qc2 Na6 10. Rd1 Re8 11. Bf4 Bf8 12. Rac1 c6 13. Ne5 Qe7 14. e4 Nc7 15. Bg5 Ne6 16. Bxf6 Qxf6 17. Nd7 Qg5 18. f4 Qh5 19. Nxf8 Nxf8 20. e5 Bc8 21. b4 Bf5 22. Qf2 a6 23. a4 b5 24. a5 Rad8 25. Rd2 Re6 26. Nd1 Rh6 27. Bf3 Qg6 28. Ne3 Be4 29. Qg2 Bd3 30. Ng4 Bc4 31. Nxh6+ Qxh6 32. Bg4 Qg6 33. Bd1 Qe6 34. Bc2 Re8 35. Qf3 Qh6 36. Re1 Kh8 37. Qe3 Kg8 38. f5 Qxe3+ 39. Rxe3 Kh8 40. g4 Kg8 41. Kf2 1-0

[Event "Cutro 06th"]
[Site "Cutro"]
[Date "2000.04.27"]
[Round "1"]
[White "Aleksic, Nenad"]
[Black "Razuvaev, Yuri S"]
[Result "1/2-1/2"]
[WhiteElo "2405"]
[BlackElo "2548"]
[PlyCount "125"]
[EventDate "2000.04.27"]
[EventType "tourn"]
[EventRounds "9"]
[EventCountry "ITA"]
[EventCategory "9"]
[SourceTitle "CBM 077"]
[Source "ChessBase"]
[SourceDate "2000.07.27"]
[SourceVersion "1"]
[SourceVersionDate "2000.07.27"]
[SourceQuality "1"]

1. e4 c5 2. Nf3 e6 3. Nc3 a6 4. d4 cxd4 5. Nxd4 b5 6. g3 Bb7 7. Bg2 Nf6 8. Qe2 b4 9. Nb1 Nc6 10. Be3 Qc7 11. Nb3 Ne5 12. Bf4 d5 13. exd5 Bd6 14. N1d2 Bxd5 15. 0-0 Bxg2 16. Kxg2 Nd5 17. Bxe5 Bxe5 18. Nc4 Bf6 19. a3 Rc8 20. Nbd2 a5 21. axb4 axb4 22. Kg1 0-0 23. Ra6 Rfd8 24. b3 Ra8 25. Rxa8 Rxa8 26. Ne4 Be7 27. Qd3 h6 28. Qe2 Ra2 29. Qd3 Qc6 30. Rc1 f5 31. Ned2 Bf6 32. Re1 Nc3 33. h4 Qd5 34. Qe3 Rxc2 35. Qxe6+ Qxe6 36. Rxe6 f4 37. Kf1 Nb5 38. gxf4 Nd4 39. Rb6 Nxb3 40. Rb8+ Kh7 41. Nxb3 Rxc4 42. h5 Rxf4 43. Ke2 Bc3 44. Nc1 Re4+ 45. Kf3 Rd4 46. Ne2 Rc4 47. Ke3 Be5 48. Rb5 Bd6 49. Kd3 Rc5 50. Rxb4 Rxh5 51. Rb2 Bc5 52. f3 Rh1 53. Rc2 Bd6 54. Rc1 Rh3 55. Ke3 g5 56. Rc4 h5 57. Kf2 Rh2+ 58. Kf1 Kg7 59. Rc6 Be5 60. Re6 Bf6 61. Kg1 Rh4 62. Ng3 Kf7 63. Re4 1/2-1/2

[Event "Valle d'Aosta op 8th"]
[Site "Saint Vincent"]
[Date "2000.02.17"]
[Round "6"]
[White "Razuvaev, Yuri S"]
[Black "Novikov, Igor A"]
[Result "1/2-1/2"]
[WhiteElo "2548"]
[BlackElo "2591"]
[PlyCount "37"]
[EventDate "2000.02.12"]
[EventType "tourn"]
[EventRounds "9"]
[EventCountry "ITA"]
[SourceTitle "CBM 074 Extra"]
[Source "ChessBase"]
[SourceDate "2000.03.10"]
[SourceVersion "2"]
[SourceVersionDate "2000.03.10"]
[SourceQuality "1"]

1. d4 d5 2. c4 e6 3. Nc3 c6 4. e3 Nf6 5. Nf3 Nbd7 6. Bd3 dxc4 7. Bxc4 b5 8. Bd3 Bb7 9. 0-0 b4 10. Ne4 Be7 11. Nxf6+ Nxf6 12. Qe2 0-0 13. e4 c5 14. dxc5 Rc8 15. a3 bxa3 16. b4 a5 17. Bxa3 axb4 18. Bxb4 Bxc5 19. Bxc5 1/2-1/2

[Event "Porto San Giorgio op 11th"]
[Site "Porto San Giorgio"]
[Date "1999.08.25"]
[Round "6"]
[White "Mrdja, Milan"]
[Black "Razuvaev, Yuri S"]
[Result "1/2-1/2"]
[WhiteElo "2425"]
[BlackElo "2559"]
[PlyCount "55"]
[EventDate "1999.08.20"]
[EventType "swiss"]
[EventRounds "9"]
[EventCountry "ITA"]
[SourceTitle "EXT 2000"]
[Source "ChessBase"]
[SourceDate "1999.11.16"]
[SourceVersion "1"]
[SourceVersionDate "1999.11.16"]
[SourceQuality "1"]

1. e4 c5 2. Nf3 e6 3. d4 cxd4 4. Nxd4 Nc6 5. Nc3 Qc7 6. Be3 a6 7. Bd3 b5 8. Nxc6 Qxc6 9. 0-0 Bb7 10. Re1 Nf6 11. Bd4 Be7 12. Qe2 0-0 13. a4 b4 14. Nb1 Qd6 15. Bxf6 Bxf6 16. e5 Qc6 17. f3 Bh4 18. g3 Be7 19. Nd2 f6 20. Kg2 fxe5 21. Qxe5 Bf6 22. Qe4 Qxe4 23. Nxe4 Be7 24. Rad1 Rfc8 25. f4 Rc7 26. Kh3 Rf8 27. b3 a5 28. Rd2 1/2-1/2

[Event "Porto San Giorgio op 11th"]
[Site "Porto San Giorgio"]
[Date "1999.08.21"]
[Round "2"]
[White "Neiman, Emmanuel"]
[Black "Razuvaev, Yuri S"]
[Result "0-1"]
[WhiteElo "2353"]
[BlackElo "2559"]
[PlyCount "76"]
[EventDate "1999.08.20"]
[EventType "swiss"]
[EventRounds "9"]
[EventCountry "ITA"]
[SourceTitle "EXT 2000"]
[Source "ChessBase"]
[SourceDate "1999.11.16"]
[SourceVersion "1"]
[SourceVersionDate "1999.11.16"]
[SourceQuality "1"]

1. d4 Nf6 2. Bg5 e6 3. e4 h6 4. Bxf6 Qxf6 5. c3 d6 6. Bd3 g6 7. Ne2 Bg7 8. 0-0 e5 9. f4 Qe7 10. Nd2 0-0 11. Nf3 c5 12. Kh1 Nc6 13. fxe5 dxe5 14. d5 Nd8 15. Ng3 b6 16. Qc2 Nb7 17. Rae1 Nd6 18. Nd2 Bd7 19. Nc4 Nxc4 20. Bxc4 b5 21. Be2 h5 22. Rf2 h4 23. Nf1 f5 24. Bf3 Qg5 25. Qd2 Qxd2 26. Nxd2 c4 27. h3 Rae8 28. Bd1 Bh6 29. Bc2 Kg7 30. Rfe2 Bf4 31. Ra1 Rf6 32. Rf1 Ra6 33. a3 Rf6 34. Rxf4 exf4 35. e5 Rd6 36. Nf3 Rxd5 37. Kg1 Kh6 38. Kf2 g5 0-1

[Event "Montecatini Terme op 8th"]
[Site "Montecatini Terme"]
[Date "1999.08.06"]
[Round "7"]
[White "Iordachescu, Viorel"]
[Black "Razuvaev, Yuri S"]
[Result "1/2-1/2"]
[WhiteElo "2553"]
[BlackElo "2559"]
[PlyCount "99"]
[EventDate "1999.07.31"]
[EventType "swiss"]
[EventRounds "9"]
[EventCountry "ITA"]
[SourceTitle "EXT 2000"]
[Source "ChessBase"]
[SourceDate "1999.11.16"]
[SourceVersion "1"]
[SourceVersionDate "1999.11.16"]
[SourceQuality "1"]

1. e4 c5 2. Nf3 e6 3. d4 cxd4 4. Nxd4 Nc6 5. Nc3 Qc7 6. Be2 a6 7. 0-0 Nf6 8. Kh1 Be7 9. f4 d6 10. Be3 0-0 11. Qe1 Nxd4 12. Bxd4 b5 13. a3 Bb7 14. Qg3 Rae8 15. Rae1 Bc6 16. b4 Bd8 17. e5 dxe5 18. fxe5 Ne4 19. Nxe4 Bxe4 20. a4 Qxc2 21. axb5 axb5 22. Qf2 Be7 23. Bxb5 Qxf2 24. Rxf2 Rb8 25. Ba6 Bd5 26. Bc5 Bh4 27. Kg1 Bxf2+ 28. Kxf2 Rfd8 29. Bd6 Ra8 30. b5 Rd7 31. Rb1 f5 32. g3 Bb7 33. Bxb7 Rxb7 34. Ke3 Ra4 35. b6 Rc4 36. h4 Kf7 37. h5 g5 38. Bc7 Rc3+ 39. Kd4 Rc6 40. Ra1 Rcxc7 41. bxc7 Rxc7 42. Ra6 h6 43. Ra8 Rd7+ 44. Ke3 Rd5 45. Ra7+ Kf8 46. Ra8+ Ke7 47. Ra7+ Kd8 48. Ra8+ Kd7 49. Ra7+ Kc6 50. Ra6+ 1/2-1/2

[Event "Montecatini Terme op 8th"]
[Site "Montecatini Terme"]
[Date "1999.08.01"]
[Round "2"]
[White "Razuvaev, Yuri S"]
[Black "Vezzosi, Paolo"]
[Result "1-0"]
[WhiteElo "2559"]
[BlackElo "2329"]
[PlyCount "33"]
[EventDate "1999.07.31"]
[EventType "swiss"]
[EventRounds "9"]
[EventCountry "ITA"]
[SourceTitle "EXT 2000"]
[Source "ChessBase"]
[SourceDate "1999.11.16"]
[SourceVersion "1"]
[SourceVersionDate "1999.11.16"]
[SourceQuality "1"]

1. d4 Nf6 2. Nf3 d6 3. g3 c6 4. Bg2 Bg4 5. c4 Nbd7 6. Nc3 e5 7. h3 Bh5 8. 0-0 Be7 9. Nh4 exd4 10. Qxd4 Qa5 11. b3 Nc5 12. Bb2 Ne6 13. Qd2 g5 14. b4 Qxb4 15. Nf5 Bg6 16. Nxe7 Kxe7 17. Ne4 1-0

[Event "Nereto op"]
[Site "Nareto"]
[Date "1999.??.??"]
[Round "1"]
[White "Rago, Riccardo"]
[Black "Razuvaev, Yuri S"]
[Result "1/2-1/2"]
[WhiteElo "2175"]
[BlackElo "2559"]
[PlyCount "83"]
[EventDate "1999.??.??"]
[EventType "swiss"]
[EventRounds "9"]
[EventCountry "ITA"]
[SourceTitle "EXT 2000"]
[Source "ChessBase"]
[SourceDate "1999.11.16"]
[SourceVersion "1"]
[SourceVersionDate "1999.11.16"]
[SourceQuality "1"]

1. e4 c5 2. Nf3 e6 3. d3 Nc6 4. g3 Nge7 5. Bg2 g6 6. 0-0 Bg7 7. c3 e5 8. Be3 d6 9. Qd2 0-0 10. Bh6 f5 11. Bxg7 Kxg7 12. exf5 gxf5 13. d4 e4 14. Ng5 cxd4 15. cxd4 d5 16. Nh3 Ng6 17. Nc3 b6 18. Rfc1 Qd6 19. Nb5 Qd7 20. Nf4 Bb7 21. h4 Rad8 22. Bf1 Rf7 23. Nc3 Nxf4 24. Qxf4 Qd6 25. Ne2 Qxf4 26. gxf4 Rd6 27. Rc3 Rh6 28. Rac1 Rff6 29. Ng3 Rxh4 30. Bb5 Nxd4 31. Rc7+ Kh6 32. Rxb7 Rxf4 33. Be8 Rg4 34. Rcc7 Kg5 35. Rxh7 Kf4 36. Kf1 Ke5 37. Bh5 Rg5 38. Rhe7+ Re6 39. Rxe6+ Nxe6 40. Bd1 f4 41. Ne2 f3 42. Ng3 1/2-1/2

[Event "Bern Ambassador op"]
[Site "Bern"]
[Date "1998.12.29"]
[Round "5"]
[White "Kaenel, Hansjuerg"]
[Black "Razuvaev, Yuri S"]
[Result "0-1"]
[WhiteElo "2395"]
[BlackElo "2560"]
[PlyCount "104"]
[EventDate "1998.12.??"]
[EventType "swiss"]
[EventRounds "7"]
[EventCountry "SUI"]
[SourceTitle "EXT 2000"]
[Source "ChessBase"]
[SourceDate "1999.11.16"]
[SourceVersion "1"]
[SourceVersionDate "1999.11.16"]
[SourceQuality "1"]

1. Nf3 g6 2. d4 Bg7 3. e3 d6 4. b4 c5 5. a3 cxd4 6. Nxd4 Nf6 7. Bb2 0-0 8. c4 a5 9. Nd2 e5 10. N4f3 Bf5 11. Be2 Nc6 12. b5 Nb8 13. 0-0 Nbd7 14. Rc1 a4 15. Ne1 Nc5 16. Nc2 Nfd7 17. Nb4 Nb6 18. Re1 Be6 19. Qc2 f5 20. Ba1 Qe7 21. Qa2 Rac8 22. Nd5 Bxd5 23. cxd5 e4 24. Bxg7 Kxg7 25. Nc4 Nxc4 26. Rxc4 Qe5 27. Rd1 g5 28. Qc2 Kg6 29. g3 h5 30. Qd2 h4 31. Qd4 Kf6 32. Kg2 Rh8 33. h3 hxg3 34. fxg3 Qxd4 35. Rdxd4 Nb3 36. Rxc8 Rxc8 37. Rxa4 Rc2 38. Kf1 Nc1 39. Rc4 Rxe2 40. Rxc1 Rxe3 41. Kf2 Rf3+ 42. Kg2 Rxa3 43. Rc7 f4 44. gxf4 gxf4 45. Rxb7 Ra2+ 46. Kf1 Rb2 47. Rb8 Ke5 48. h4 e3 49. h5 f3 50. Re8+ Kd4 51. Kg1 Rb1+ 52. Kh2 f2 0-1

[Event "RUS-ch51"]
[Site "St Petersburg"]
[Date "1998.08.05"]
[Round "9"]
[White "Aseev, Konstantin N"]
[Black "Razuvaev, Yuri S"]
[Result "1/2-1/2"]
[WhiteElo "2525"]
[BlackElo "2560"]
[PlyCount "29"]
[EventDate "1998.07.28"]
[EventType "swiss"]
[EventRounds "11"]
[EventCountry "RUS"]
[SourceTitle "CBM 067"]
[Source "ChessBase"]
[SourceDate "1998.11.30"]
[SourceVersion "2"]
[SourceVersionDate "1998.11.01"]
[SourceQuality "1"]

1. e4 e5 2. Nf3 Nc6 3. Bb5 Nf6 4. 0-0 Nxe4 5. d4 Nd6 6. Bxc6 dxc6 7. dxe5 Nf5 8. Qxd8+ Kxd8 9. Rd1+ Ke8 10. Nc3 Ne7 11. h3 Ng6 12. Ne2 Be7 13. Bd2 Bd7 14. Bc3 Rd8 15. Ne1 1/2-1/2

[Event "RUS-ch51"]
[Site "St Petersburg"]
[Date "1998.07.31"]
[Round "4"]
[White "Razuvaev, Yuri S"]
[Black "Loginov, Valery A"]
[Result "1-0"]
[WhiteElo "2560"]
[BlackElo "2520"]
[PlyCount "67"]
[EventDate "1998.07.28"]
[EventType "swiss"]
[EventRounds "11"]
[EventCountry "RUS"]
[SourceTitle "CBM 067"]
[Source "ChessBase"]
[SourceDate "1998.11.30"]
[SourceVersion "2"]
[SourceVersionDate "1998.11.01"]
[SourceQuality "1"]

1. d4 Nf6 2. c4 g6 3. Nc3 Bg7 4. e4 d6 5. f3 0-0 6. Be3 a6 7. Qd2 Nc6 8. Nge2 Rb8 9. Nc1 e5 10. d5 Nd4 11. Nb3 Nxb3 12. axb3 c5 13. g4 h5 14. h3 Nh7 15. gxh5 Qh4+ 16. Qf2 Qxf2+ 17. Kxf2 gxh5 18. h4 f5 19. exf5 Bxf5 20. Ke2 e4 21. Nxe4 Bxb2 22. Ra2 Be5 23. Bh3 Bxh3 24. Rxh3 b5 25. Rh1 Kh8 26. Rg1 bxc4 27. bxc4 Rb6 28. Rg6 Nf6 29. Ng5 Rg8 30. Nf7+ Kh7 31. Rxg8 Nxg8 32. Nxe5 dxe5 33. Bxc5 Rg6 34. Kd3 1-0

[Event "RUS-ch51"]
[Site "St Petersburg"]
[Date "1998.07.30"]
[Round "3"]
[White "Kobalia, Mihail"]
[Black "Razuvaev, Yuri S"]
[Result "1/2-1/2"]
[WhiteElo "2505"]
[BlackElo "2560"]
[PlyCount "21"]
[EventDate "1998.07.28"]
[EventType "swiss"]
[EventRounds "11"]
[EventCountry "RUS"]
[SourceTitle "CBM 067"]
[Source "ChessBase"]
[SourceDate "1998.11.30"]
[SourceVersion "2"]
[SourceVersionDate "1998.11.01"]
[SourceQuality "1"]

1. e4 c5 2. Nf3 Nc6 3. d4 cxd4 4. Nxd4 e6 5. Nc3 Qc7 6. Be3 a6 7. Bd3 b5 8. 0-0 Bb7 9. Kh1 Nf6 10. a3 Ne5 11. f4 1/2-1/2